[Event "Hillerod Byturnering E"]
[Site "Hillerod"]
[Date "2016.06.14"]
[Round "6"]
[White "Ellegaard, Soren"]
[Black "Pedersen, Jan2222"]
[Result "0-1"]
[WhiteElo "1399"]
[BlackElo "1500"]
[PlyCount "132"]
[EventDate "2016.04.26"]
[EventType "swiss"]
[EventRounds "7"]
[EventCountry "DEN"]
[SourceTitle "EXT 2024"]
[Source "ChessBase"]
[SourceDate "2023.10.10"]
[SourceVersion "1"]
[SourceVersionDate "2023.10.10"]
[SourceQuality "1"]

1. d4 d5 2. c4 e6 3. a3 Nf6 4. Nf3 Be7 5. Nc3 0-0 6. e3 b6 7. Qc2 h6 8. cxd5 exd5 9. b4 Bg4 10. Bd3 Nbd7 11. e4 dxe4 12. Nxe4 Nxe4 13. Bxe4 Nf6 14. Bb2 Rc8 15. Rd1 Re8 16. 0-0 Nxe4 17. Qxe4 Bxf3 18. Qxf3 Bf6 19. Rd3 Qe7 20. Re3 Qd7 21. Rd1 Rcd8 22. Red3 Re6 23. d5 Rd6 24. Bc1 c6 25. h3 Rxd5 26. Rxd5 cxd5 27. g4 Qe6 28. Qg2 Qe2 29. Qf1 Qxf1+ 30. Kxf1 d4 31. Rd3 Rc8 32. Bd2 Kf8 33. f4 Ke7 34. g5 hxg5 35. fxg5 Be5 36. Ke2 f6 37. gxf6+ gxf6 38. Kf3 Rg8 39. Ke4 Ke6 40. Rf3 Rf8 41. Rf5 Rh8 42. Rf3 Rh4+ 43. Kd3 Kd5 44. Bc1 Rh7 45. Bd2 Rg7 46. Be1 Rc7 47. Bd2 Rf7 48. Rf5 Rg7 49. Be1 Rg1 50. Bd2 Rg3+ 51. Kc2 Rxh3 52. a4 a6 53. a5 bxa5 54. bxa5 Kc4 55. Rf1 Ra3 56. Rb1 d3+ 57. Kd1 Ra1 58. Rc1+ Rxc1+ 59. Kxc1 Bc3 60. Kd1 Bxd2 61. Kxd2 f5 62. Kd1 Kc3 63. Kc1 f4 64. Kd1 f3 65. Ke1 Kc2 66. Kf2 d2 0-1